000
00205 a2200109 4500
020
_a
9788415241027
041
_a
spa
100
_a
Mar Pavon
245
_a
Zaira y los Delfines
942
_c
BK
952
_7
1
999
_c
24030
_d
24030